| 000 | 00839nas a2200265 4500 | ||
|---|---|---|---|
| 001 | BR0202184 | ||
| 003 | BR-BrBNA | ||
| 005 | 20231205102920.0 | ||
| 007 | ta | ||
| 008 | 230509b bl.|||p| |||| 00| 00por d | ||
| 040 |
_aBR-BrBNA _bpor _cBiblioteca Nacional de Agricultura |
||
| 041 | _a(Pt) | ||
| 072 | _aL74; L70 | ||
| 100 | 1 | _aLopes, R.S. | |
| 100 | 1 | _aKohayagawa, A. | |
| 100 | 1 | _aTakahira, R.K. | |
| 100 | 1 | _aGentile, L.B. | |
| 245 | 1 | _aDosagens séricas dos eletrólitos, das proteínas e hemograma em vacas clinicamente sadias e em portadoras da "Síndrome da Vaca Caída" | |
| 650 | _aGADO LEITEIRO | ||
| 650 | _aSÍNDROME | ||
| 650 | _aHEMOGRAMA | ||
| 773 | 0 |
_tVeterinária Notícias (Brazil) _xISSN 0104-3463 _g(2001), v. 7(2) p. 59-63 _wBR0202184 |
|
| 909 |
_a202311 _bLúcia _c55 _dLúcia Elande |
||
| 942 |
_2AGRIS _n0 _cANA |
||
| 999 |
_c170044 _d170044 |
||